000 00558nam a2200181 4500
001 363
005 20230411085955.0
008 060907n1996 dr spa
035 _9funglode364
041 _aES
100 _aBettetini, Daniel
245 1 _aDescribir el escribir :
_bCómo se aprende a escribir /
_cDaniel Bettetini
260 _aBarcelona :
_bEdiciones Paidós,
_c1996
300 _a194 p. / 22 cm
440 _aPapeles de comunicación ;
_v37
520 _aEl código escrito, 27. -- Composición del texto, 101
942 _2lcc
_cbk
999 _c110282
_d110282